Statistics for Shifted Countries #2

Click here to take the quiz!

General Stats

  • This quiz has been taken 34 times
  • The average score is 6 of 9

Answers on the Map

Answers color-coded by a green-red scale on the quiz's map according to % correct below.
 

Answer Stats

Answer% Correct
North Korea
83%
Somalia
79%
South Korea
79%
Portugal
76%
Sri Lanka
69%
Lesotho
66%
Kiribati
62%
Fiji
55%
Maldives
52%

Score Distribution

Percentile by Number Answered

Percent of People with Each Score

Your Score History

You have not taken this quiz